<?xml version="1.0" encoding="UTF-8"?>
<collection xmlns="http://www.loc.gov/MARC21/slim">
 <record>
  <leader>02923cam a2200601   4500</leader>
  <controlfield tag="001">279311079</controlfield>
  <controlfield tag="003">DE-627</controlfield>
  <controlfield tag="005">20240628093300.0</controlfield>
  <controlfield tag="007">tu</controlfield>
  <controlfield tag="008">990101s1997    xx ||||| m    00| ||ger c</controlfield>
  <datafield tag="020" ind1=" " ind2=" ">
   <subfield code="a">3884621343</subfield>
   <subfield code="9">3-88462-134-3</subfield>
  </datafield>
  <datafield tag="035" ind1=" " ind2=" ">
   <subfield code="a">(DE-627)279311079</subfield>
  </datafield>
  <datafield tag="035" ind1=" " ind2=" ">
   <subfield code="a">(DE-576)059079177</subfield>
  </datafield>
  <datafield tag="035" ind1=" " ind2=" ">
   <subfield code="a">(DE-599)GBV279311079</subfield>
  </datafield>
  <datafield tag="035" ind1=" " ind2=" ">
   <subfield code="a">(OCoLC)231702201</subfield>
  </datafield>
  <datafield tag="035" ind1=" " ind2=" ">
   <subfield code="a">(OCoLC)37685576</subfield>
  </datafield>
  <datafield tag="035" ind1=" " ind2=" ">
   <subfield code="a">(OCoLC)930460127</subfield>
  </datafield>
  <datafield tag="035" ind1=" " ind2=" ">
   <subfield code="a">(DE-604)8113877773</subfield>
  </datafield>
  <datafield tag="040" ind1=" " ind2=" ">
   <subfield code="a">DE-627</subfield>
   <subfield code="b">ger</subfield>
   <subfield code="c">DE-627</subfield>
   <subfield code="e">rakwb</subfield>
  </datafield>
  <datafield tag="041" ind1=" " ind2=" ">
   <subfield code="a">ger</subfield>
  </datafield>
  <datafield tag="084" ind1=" " ind2=" ">
   <subfield code="a">9,10</subfield>
   <subfield code="a">1</subfield>
   <subfield code="2">ssgn</subfield>
  </datafield>
  <datafield tag="084" ind1=" " ind2=" ">
   <subfield code="a">LM 80722</subfield>
   <subfield code="2">rvk</subfield>
   <subfield code="0">(DE-625)rvk/101382:4</subfield>
  </datafield>
  <datafield tag="100" ind1="1" ind2=" ">
   <subfield code="a">Vinken, Gerhard</subfield>
   <subfield code="d">1961-</subfield>
   <subfield code="0">(DE-588)173203175</subfield>
   <subfield code="0">(DE-627)674239105</subfield>
   <subfield code="0">(DE-576)177004967</subfield>
   <subfield code="4">aut</subfield>
  </datafield>
  <datafield tag="245" ind1="1" ind2="0">
   <subfield code="a">Baustruktur und Heiligenkult</subfield>
   <subfield code="b">romanische Sakralarchitektur in der Auvergne</subfield>
   <subfield code="c">Gerhard Vinken</subfield>
  </datafield>
  <datafield tag="264" ind1=" " ind2="1">
   <subfield code="a">Worms am Rhein</subfield>
   <subfield code="b">Wernersche Verlagsges.</subfield>
   <subfield code="c">1997</subfield>
  </datafield>
  <datafield tag="300" ind1=" " ind2=" ">
   <subfield code="a">210 S.</subfield>
   <subfield code="b">zahlr. Ill., graph. Darst.</subfield>
  </datafield>
  <datafield tag="336" ind1=" " ind2=" ">
   <subfield code="a">Text</subfield>
   <subfield code="b">txt</subfield>
   <subfield code="2">rdacontent</subfield>
  </datafield>
  <datafield tag="337" ind1=" " ind2=" ">
   <subfield code="a">ohne Hilfsmittel zu benutzen</subfield>
   <subfield code="b">n</subfield>
   <subfield code="2">rdamedia</subfield>
  </datafield>
  <datafield tag="338" ind1=" " ind2=" ">
   <subfield code="a">Band</subfield>
   <subfield code="b">nc</subfield>
   <subfield code="2">rdacarrier</subfield>
  </datafield>
  <datafield tag="502" ind1=" " ind2=" ">
   <subfield code="a">Zugl.: Berlin, Freie Univ., Diss., 1995 u.d.T.: Vinken, Gerhard: Struktur und Funktion der Ostteile einer Gruppe romanischer Kirchen in der Auvergne</subfield>
  </datafield>
  <datafield tag="583" ind1="1" ind2=" ">
   <subfield code="a">Archivierung/Langzeitarchivierung gewährleistet</subfield>
   <subfield code="f">SSG</subfield>
   <subfield code="x">XA-DE-BW</subfield>
   <subfield code="2">pdager</subfield>
   <subfield code="5">DE-16</subfield>
  </datafield>
  <datafield tag="655" ind1=" " ind2="7">
   <subfield code="a">Hochschulschrift</subfield>
   <subfield code="0">(DE-588)4113937-9</subfield>
   <subfield code="0">(DE-627)105825778</subfield>
   <subfield code="0">(DE-576)209480580</subfield>
   <subfield code="2">gnd-content</subfield>
  </datafield>
  <datafield tag="689" ind1="0" ind2="0">
   <subfield code="d">s</subfield>
   <subfield code="0">(DE-588)4050482-7</subfield>
   <subfield code="0">(DE-627)106181904</subfield>
   <subfield code="0">(DE-576)209087595</subfield>
   <subfield code="a">Romanik</subfield>
   <subfield code="2">gnd</subfield>
  </datafield>
  <datafield tag="689" ind1="0" ind2="1">
   <subfield code="d">s</subfield>
   <subfield code="0">(DE-588)4073436-5</subfield>
   <subfield code="0">(DE-627)104791268</subfield>
   <subfield code="0">(DE-576)209190450</subfield>
   <subfield code="a">Kirchenbau</subfield>
   <subfield code="2">gnd</subfield>
  </datafield>
  <datafield tag="689" ind1="0" ind2="2">
   <subfield code="d">g</subfield>
   <subfield code="0">(DE-588)4003998-5</subfield>
   <subfield code="0">(DE-627)10638807X</subfield>
   <subfield code="0">(DE-576)208853464</subfield>
   <subfield code="a">Auvergne</subfield>
   <subfield code="2">gnd</subfield>
  </datafield>
  <datafield tag="689" ind1="0" ind2=" ">
   <subfield code="5">(DE-627)</subfield>
  </datafield>
  <datafield tag="689" ind1="1" ind2="0">
   <subfield code="d">g</subfield>
   <subfield code="0">(DE-588)4003998-5</subfield>
   <subfield code="0">(DE-627)10638807X</subfield>
   <subfield code="0">(DE-576)208853464</subfield>
   <subfield code="a">Auvergne</subfield>
   <subfield code="2">gnd</subfield>
  </datafield>
  <datafield tag="689" ind1="1" ind2="1">
   <subfield code="d">s</subfield>
   <subfield code="0">(DE-588)4073436-5</subfield>
   <subfield code="0">(DE-627)104791268</subfield>
   <subfield code="0">(DE-576)209190450</subfield>
   <subfield code="a">Kirchenbau</subfield>
   <subfield code="2">gnd</subfield>
  </datafield>
  <datafield tag="689" ind1="1" ind2="2">
   <subfield code="a">z</subfield>
   <subfield code="2">gnd</subfield>
   <subfield code="a">Geschichte 950-1250</subfield>
  </datafield>
  <datafield tag="689" ind1="1" ind2=" ">
   <subfield code="5">(DE-627)</subfield>
  </datafield>
  <datafield tag="751" ind1=" " ind2=" ">
   <subfield code="a">Berlin</subfield>
   <subfield code="0">(DE-588)4005728-8</subfield>
   <subfield code="0">(DE-627)10482638X</subfield>
   <subfield code="0">(DE-576)208862560</subfield>
   <subfield code="4">pup</subfield>
  </datafield>
  <datafield tag="787" ind1="0" ind2="8">
   <subfield code="i">Rezensiert in</subfield>
   <subfield code="a">Müller, Matthias, 1963 - </subfield>
   <subfield code="t">[Rezension von: Gerhard Vinken, Baustruktur und Heiligenkult]</subfield>
   <subfield code="d">Regensburg : Schnell und Steiner, 1998</subfield>
   <subfield code="w">(DE-627)1549902687</subfield>
   <subfield code="w">(DE-576)479902682</subfield>
  </datafield>
  <datafield tag="935" ind1=" " ind2=" ">
   <subfield code="i">Blocktest</subfield>
  </datafield>
  <datafield tag="936" ind1="r" ind2="v">
   <subfield code="a">LM 80722</subfield>
   <subfield code="b">romanisch</subfield>
   <subfield code="k">Kunstgeschichte</subfield>
   <subfield code="k">Kunst nach Ländern bzw. Kontinenten</subfield>
   <subfield code="k">Frankreich</subfield>
   <subfield code="k">Französische Kunstgeschichte nach Gattungen</subfield>
   <subfield code="k">Architektur</subfield>
   <subfield code="k">Geschichte der französischen Architektur nach Landschaften (Architekturgeschichte nach Departements in die entsprechenden Landschaften einordnen!)</subfield>
   <subfield code="k">Auvergne</subfield>
   <subfield code="k">romanisch</subfield>
   <subfield code="0">(DE-627)1272097196</subfield>
   <subfield code="0">(DE-625)rvk/101382:4</subfield>
   <subfield code="0">(DE-576)202097196</subfield>
  </datafield>
  <datafield tag="951" ind1=" " ind2=" ">
   <subfield code="a">BO</subfield>
  </datafield>
  <datafield tag="990" ind1=" " ind2=" ">
   <subfield code="a">Romanik</subfield>
  </datafield>
  <datafield tag="990" ind1=" " ind2=" ">
   <subfield code="a">Kirchenbau</subfield>
  </datafield>
  <datafield tag="990" ind1=" " ind2=" ">
   <subfield code="a">Auvergne</subfield>
  </datafield>
  <datafield tag="990" ind1=" " ind2=" ">
   <subfield code="a">Auvergne</subfield>
  </datafield>
  <datafield tag="990" ind1=" " ind2=" ">
   <subfield code="a">Kirchenbau</subfield>
  </datafield>
  <datafield tag="990" ind1=" " ind2=" ">
   <subfield code="a">Geschichte 950-1250</subfield>
  </datafield>
  <datafield tag="991" ind1=" " ind2=" ">
   <subfield code="a">Rezensiertes Werk</subfield>
  </datafield>
  <datafield tag="999" ind1=" " ind2=" ">
   <subfield code="a">KXP-PPN279311079</subfield>
   <subfield code="e">4012645803</subfield>
  </datafield>
 </record>
</collection>
